[Event "Titled Tuesday intern op 14th Nov Early"]
[Site "Chess.com INT"]
[Date "2023.11.14"]
[Round "9"]
[White "Lund, Gunnar"]
[Black "Mejia, Cherry Ann"]
[Result "1-0"]
[WhiteElo "2321"]
[BlackElo "1918"]
[PlyCount "133"]
[EventDate "2023.11.14"]
[EventType "swiss (blitz)"]
[EventRounds "11"]
[EventCountry "USA"]
[SourceTitle "CB47_2023"]
[SourceDate "2023.11.22"]
[SourceVersion "1"]
[SourceVersionDate "2023.11.22"]
[SourceQuality "1"]

1. h4 e5 2. a4 Nc6 3. a5 a6 4. h5 h6 5. g4 d5 6. g5 Qxg5 7. d4 Qd8 8. dxe5 Nxe5 9. Bg2 Nf6 10. Nf3 Bd6 11. b4 Bxb4+ 12. Nbd2 Neg4 13. 0-0 0-0 14. Bb2 Nxh5 15. c4 Nf4 16. cxd5 Nxg2 17. Kxg2 Qxd5 18. Qb3 Qxb3 19. Nxb3 Be6 20. Nbd4 Rfe8 21. Kg3 Nf6 22. Nxe6 Rxe6 23. e3 Ne4+ 24. Kh3 g5 25. Nd4 Rg6 26. Nf5 Rd8 27. f3 Nd2 28. Rfd1 h5 29. Ba3 Bxa3 30. Rxa3 Rf6 31. e4 Kh7 32. Ra2 g4+ 33. fxg4 hxg4+ 34. Kg2 Nxe4 35. Rxd8 Rxf5 36. Rd7 b6 37. axb6 cxb6 38. Rxa6 b5 39. Rd4 Re5 40. Ra1 Kg7 41. Rc1 Kg6 42. Rc6+ f6 43. Rd8 Kg5 44. Rc1 f5 45. Rg8+ Kf4 46. Rf1+ Ke3 47. Rd8 b4 48. Re1+ Kf4 49. Rf1+ Kg5 50. Rg8+ Kf6 51. Rb8 Nd2 52. Rf2 Nc4 53. Rxb4 Ne3+ 54. Kg1 Nd5 55. Rxg4 Ne3 56. Ra4 Kg5 57. Ra8 Ng4 58. Rg8+ Kf6 59. Rxg4 Ke6 60. Ra4 Kf6 61. Raa2 Kg5 62. Kg2 Kf6 63. Ra4 Kg5 64. Ra3 Kg4 65. Rg3+ Kh4 66. Rg8 Kh5 67. Kf3 1-0

[Event "Titled Tuesday intern op 14th Nov Early"]
[Site "Chess.com INT"]
[Date "2023.11.14"]
[Round "2"]
[White "Lund, Gunnar"]
[Black "Vakhlamov, Igor L"]
[Result "0-1"]
[WhiteElo "2321"]
[BlackElo "2413"]
[PlyCount "79"]
[EventDate "2023.11.14"]
[EventType "swiss (blitz)"]
[EventRounds "11"]
[EventCountry "USA"]
[SourceTitle "CB47_2023"]
[SourceDate "2023.11.22"]
[SourceVersion "1"]
[SourceVersionDate "2023.11.22"]
[SourceQuality "1"]

1. d4 d5 2. Bg5 h6 3. Bf4 Nf6 4. e3 Bf5 5. c4 e6 6. Nc3 Bb4 7. Nf3 0-0 8. Bd3 Bxd3 9. Qxd3 c5 10. 0-0 cxd4 11. Nxd4 Nbd7 12. Bg3 Rc8 13. cxd5 Bxc3 14. dxe6 Bxb2 15. exd7 Qxd7 16. Rab1 Bxd4 17. Qxd4 Qxd4 18. exd4 b6 19. Rfe1 Nd5 20. Kf1 f6 21. Re6 Kf7 22. Rd6 Rfd8 23. Rxd8 Rxd8 24. Rc1 Rd7 25. Ke2 Ne7 26. Kd3 Ke6 27. Rc7 Rxc7 28. Bxc7 Kd5 29. Bb8 Nc6 30. Bf4 Nxd4 31. Bb8 Nc6 32. Bf4 Ne5+ 33. Kc3 h5 34. Be3 Ng4 35. Kb4 Nxe3 36. fxe3 a6 37. a4 Ke4 38. Kc4 h4 39. g3 hxg3 40. hxg3 0-1

[Event "Titled Tuesday intern op 25th Apr Early"]
[Site "Chess.com INT"]
[Date "2023.04.25"]
[Round "3"]
[White "Lund, Gunnar"]
[Black "Chakravarthi, Reddy M"]
[Result "1-0"]
[WhiteElo "2302"]
[BlackElo "2278"]
[PlyCount "49"]
[EventDate "2023.04.25"]
[EventType "swiss (blitz)"]
[EventRounds "11"]
[EventCountry "USA"]
[SourceTitle "EXT 2024"]
[Source "ChessBase"]
[SourceDate "2023.10.10"]
[SourceVersion "1"]
[SourceVersionDate "2023.10.10"]
[SourceQuality "1"]

1. d4 d5 2. Bf4 c5 3. e3 Nf6 4. c3 Qb6 5. Qb3 c4 6. Qc2 Nc6 7. Nd2 Nh5 8. Bg5 h6 9. Bh4 e5 10. Be2 Nf6 11. dxe5 Nxe5 12. Ngf3 Bd6 13. Bxf6 gxf6 14. 0-0 Rg8 15. Kh1 Ng4 16. h3 h5 17. b3 cxb3 18. axb3 Bg3 19. fxg3 Nxe3 20. Qh7 Rxg3 21. Rfe1 Nc2 22. Bb5+ Kd8 23. Re8+ Kc7 24. Qxf7+ Kd6 25. Qe7# 1-0